[Event "40. Open Ciudad de Sevilla 2015"]
[Site "Sevilla ESP"]
[Date "2015.01.25"]
[Round "1.1"]
[White "Gomez Feria, Jose Maria"]
[Black "Stopa, Jacek"]
[Result "0-1"]
[WhiteElo "1794"]
[BlackElo "2531"]
[PlyCount "61"]
[EventDate "2015.01.25"]
[EventType "swiss"]
[EventRounds "9"]
[EventCountry "ESP"]
[Source "lmi"]
[SourceDate "2015.01.25"]

1. Nf3 e6 2. c4 Nf6 3. g3 d5 4. Bg2 c6 5. b3 a5 6. Bb2 a4 7. Nc3 a3 8. Bc1 d4
9. Nb1 Bb4 10. O-O O-O 11. Ne5 Bd6 12. f4 Nbd7 13. Nf3 Qb6 14. d3 Re8 15. Qc2
h6 16. Re1 Bb4 17. Rf1 e5 18. fxe5 Ng4 19. h3 Ngxe5 20. Nbd2 Ng6 21. Ne4 Rxe4
22. c5 Bxc5 23. Nh4 Re6 24. Nxg6 Rxg6 25. Bf4 Nf8 26. Kh2 Ne6 27. Be5 Rg5 28.
Bf4 Nxf4 29. gxf4 Bd6 30. Qd2 Raa5 31. Rf3 0-1

[Event "40. Open Ciudad de Sevilla 2015"]
[Site "Sevilla ESP"]
[Date "2015.01.25"]
[Round "1.2"]
[White "Matamoros Franco, Carlos S"]
[Black "Godino Benitez, Miguel"]
[Result "1-0"]
[WhiteElo "2523"]
[BlackElo "1791"]
[PlyCount "61"]
[EventDate "2015.01.25"]
[EventType "swiss"]
[EventRounds "9"]
[EventCountry "ESP"]
[Source "lmi"]
[SourceDate "2015.01.25"]

1. Nf3 d5 2. c4 e6 3. g3 Nf6 4. Bg2 Be7 5. O-O O-O 6. d4 Nbd7 7. Qc2 c6 8. Nbd2
b6 9. e4 dxe4 10. Nxe4 Bb7 11. Rd1 Nxe4 12. Qxe4 Nf6 13. Qc2 Rc8 14. b3 Ba8 15.
Bb2 Qc7 16. c5 Nd5 17. a3 Rfe8 18. Re1 Rcd8 19. h4 h6 20. Ne5 Bf8 21. b4 b5 22.
Qb3 a5 23. Be4 a4 24. Qf3 f5 25. Bc2 Be7 26. g4 Rf8 27. gxf5 exf5 28. Bxf5 Bxh4
29. Be6+ Kh8 30. Ng6+ Kh7 31. Nxf8+ 1-0

[Event "40. Open Ciudad de Sevilla 2015"]
[Site "Sevilla ESP"]
[Date "2015.01.25"]
[Round "1.3"]
[White "Jimenez Arnaiz, Jose Maria"]
[Black "Oral, Tomas"]
[Result "0-1"]
[WhiteElo "1790"]
[BlackElo "2498"]
[PlyCount "48"]
[EventDate "2015.01.25"]
[EventType "swiss"]
[EventRounds "9"]
[EventCountry "ESP"]
[Source "lmi"]
[SourceDate "2015.01.25"]

1. e4 c5 2. Nf3 e6 3. d4 cxd4 4. Nxd4 a6 5. Bd3 Bc5 6. Nb3 Ba7 7. O-O Ne7 8.
Be3 Bxe3 9. fxe3 Nbc6 10. Nd4 Nxd4 11. exd4 Qb6 12. Nc3 Qxd4+ 13. Kh1 Ng6 14.
Qd2 O-O 15. Rab1 b5 16. Ne2 Qe5 17. Ng3 Bb7 18. c3 d5 19. Qe2 Nf4 20. Qe3 Nxd3
21. Qxd3 dxe4 22. Qe3 Rad8 23. Rbd1 f5 24. Kg1 Rxd1 0-1

[Event "40. Open Ciudad de Sevilla 2015"]
[Site "Sevilla ESP"]
[Date "2015.01.25"]
[Round "1.4"]
[White "Fernandez Romero, Ernesto"]
[Black "Gentes Benito, Angel"]
[Result "1-0"]
[WhiteElo "2483"]
[BlackElo "1782"]
[PlyCount "67"]
[EventDate "2015.01.25"]
[EventType "swiss"]
[EventRounds "9"]
[EventCountry "ESP"]
[Source "lmi"]
[SourceDate "2015.01.25"]

1. e4 c5 2. Nf3 e6 3. d4 cxd4 4. Nxd4 a6 5. c4 Nf6 6. Nc3 Bb4 7. Qd3 Qc7 8. a3
Be7 9. f3 Nc6 10. Be3 O-O 11. Rc1 b6 12. Nd5 exd5 13. cxd5 Qe5 14. dxc6 d5 15.
f4 Qxe4 16. Qxe4 Nxe4 17. Bd3 Re8 18. Bxe4 Bh4+ 19. g3 Rxe4 20. Kf2 Bf6 21.
Rhd1 Bg4 22. Rd2 Rae8 23. Rc3 h6 24. c7 g5 25. f5 Rc8 26. Rc6 Kg7 27. Nc2 Bxf5
28. Bxb6 Re6 29. Nb4 d4 30. Rxe6 Bxe6 31. Nxa6 Bd5 32. Bxd4 Bxd4+ 33. Rxd4 Ra8
34. Nc5 1-0

[Event "40. Open Ciudad de Sevilla 2015"]
[Site "Sevilla ESP"]
[Date "2015.01.25"]
[Round "1.5"]
[White "Ramirez Carrasco, Antonio"]
[Black "Lalic, Bogdan"]
[Result "0-1"]
[WhiteElo "1781"]
[BlackElo "2482"]
[PlyCount "64"]
[EventDate "2015.01.25"]
[EventType "swiss"]
[EventRounds "9"]
[EventCountry "ESP"]
[Source "lmi"]
[SourceDate "2015.01.25"]

1. e4 c5 2. Nf3 e6 3. c3 Nf6 4. e5 Nd5 5. d4 cxd4 6. cxd4 b6 7. Nc3 Nxc3 8.
bxc3 Qc7 9. c4 d6 10. Bf4 Nd7 11. exd6 Bxd6 12. Bxd6 Qxd6 13. Be2 Bb7 14. O-O
O-O 15. Qd2 Rfd8 16. Rfd1 Rac8 17. Rac1 Nf6 18. Ne5 Nd7 19. Qe3 Nxe5 20. dxe5
Qe7 21. Rxd8+ Qxd8 22. Rd1 Qe7 23. Qd2 h6 24. Qd7 Kf8 25. Qxe7+ Kxe7 26. f4 g5
27. g3 gxf4 28. gxf4 Rg8+ 29. Kf2 Rg2+ 30. Ke3 Rxh2 31. Rd3 h5 32. Kd4 Rxe2 0-1

[Event "40. Open Ciudad de Sevilla 2015"]
[Site "Sevilla ESP"]
[Date "2015.01.25"]
[Round "1.6"]
[White "Perez Mitjans, Orelvis"]
[Black "Serrano Pichardo, Carlos"]
[Result "1-0"]
[WhiteElo "2463"]
[BlackElo "1778"]
[PlyCount "41"]
[EventDate "2015.01.25"]
[EventType "swiss"]
[EventRounds "9"]
[EventCountry "ESP"]
[Source "lmi"]
[SourceDate "2015.01.25"]

1. e4 d6 2. d4 Nd7 3. Nf3 g6 4. Bc4 e6 5. Nc3 Bg7 6. Bg5 Ne7 7. Qd2 O-O 8. Bh6
e5 9. h4 exd4 10. Bxg7 Kxg7 11. Qxd4+ Nf6 12. h5 Nc6 13. Qd3 Nxh5 14. Nd5 Be6
15. Qc3+ f6 16. Ng5 Bg8 17. g4 Ne5 18. gxh5 Nxc4 19. hxg6 Bxd5 20. Rxh7+ Kg8
21. Qh3 1-0

[Event "40. Open Ciudad de Sevilla 2015"]
[Site "Sevilla ESP"]
[Date "2015.01.25"]
[Round "1.8"]
[White "Krysa, Leandro"]
[Black "Rubio Corbacho, Pablo"]
[Result "1-0"]
[WhiteElo "2457"]
[BlackElo "1755"]
[PlyCount "63"]
[EventDate "2015.01.25"]
[EventType "swiss"]
[EventRounds "9"]
[EventCountry "ESP"]
[Source "lmi"]
[SourceDate "2015.01.25"]

1. d4 Nf6 2. c4 g6 3. Nc3 d5 4. Nf3 Bg7 5. cxd5 Nxd5 6. e4 Nxc3 7. bxc3 c5 8.
Rb1 O-O 9. Be2 Nc6 10. d5 Bxc3+ 11. Bd2 Bxd2+ 12. Qxd2 Nd4 13. Nxd4 cxd4 14.
Qxd4 Qa5+ 15. Qd2 Qxd2+ 16. Kxd2 Rd8 17. Ke3 b6 18. Rhc1 e6 19. Bc4 e5 20. Bb3
b5 21. Rc7 a5 22. d6 Bd7 23. f4 a4 24. Bd5 exf4+ 25. Kxf4 Rab8 26. e5 Rb6 27.
Ke3 b4 28. Kd4 Rb5 29. Rxd7 Rxd5+ 30. Kxd5 Rxd7 31. Kc6 Ra7 32. d7 1-0

[Event "40. Open Ciudad de Sevilla 2015"]
[Site "Sevilla ESP"]
[Date "2015.01.25"]
[Round "1.9"]
[White "Sevilla Bejarano, Jose Antonio"]
[Black "Campora Sivori, Daniel"]
[Result "0-1"]
[WhiteElo "1752"]
[BlackElo "2456"]
[PlyCount "61"]
[EventDate "2015.01.25"]
[EventType "swiss"]
[EventRounds "9"]
[EventCountry "ESP"]
[Source "lmi"]
[SourceDate "2015.01.25"]

1. f4 d5 2. Nf3 c5 3. e3 Nf6 4. Bb5+ Bd7 5. Bxd7+ Nfxd7 6. O-O Nc6 7. b3 Qc7 8.
Bb2 e6 9. Qe1 O-O-O 10. Qg3 f6 11. d4 Kb8 12. Nbd2 cxd4 13. Bxd4 Bd6 14. c4 g5
15. cxd5 gxf4 16. exf4 Nxd4 17. Nxd4 Bc5 18. Qf2 e5 19. fxe5 fxe5 20. Rac1 Bxd4
21. Rxc7 Kxc7 22. Qxd4 exd4 23. Ne4 Rhe8 24. Rc1+ Kb8 25. Ng5 Nf6 26. Rf1 Rxd5
27. Nh3 d3 28. Nf4 d2 29. Kf2 Rf5 30. g3 Ng4+ 31. Kg2 0-1

[Event "40. Open Ciudad de Sevilla 2015"]
[Site "Sevilla ESP"]
[Date "2015.01.25"]
[Round "1.10"]
[White "Starostits, Ilmars"]
[Black "Marin Muñoz, Jose Maria"]
[Result "1-0"]
[WhiteElo "2441"]
[BlackElo "1751"]
[PlyCount "66"]
[EventDate "2015.01.25"]
[EventType "swiss"]
[EventRounds "9"]
[EventCountry "ESP"]
[Source "lmi"]
[SourceDate "2015.01.25"]

1. d4 Nf6 2. Nf3 e6 3. c4 Bb4+ 4. Bd2 Qe7 5. Nc3 b6 6. e3 Bxc3 7. Bxc3 Ne4 8.
Rc1 Bb7 9. Bd3 O-O 10. O-O d6 11. Nd2 f5 12. f3 Nxc3 13. Rxc3 Nd7 14. Qc2 c5
15. Ra3 Qg5 16. Be2 cxd4 17. exd4 Nf6 18. Rf2 Nh5 19. Bf1 Nf4 20. g3 Rf6 21. c5
bxc5 22. dxc5 dxc5 23. Qxc5 a6 24. Qc7 Rg6 25. Qxb7 Rd8 26. Nc4 h5 27. Ne5 Rf6
28. Qb4 Nd5 29. Qa5 Rc8 30. f4 Qh6 31. Qxa6 Rc1 32. Nd7 Rf7 33. Qa8+ Kh7 1-0

[Event "40. Open Ciudad de Sevilla 2015"]
[Site "Sevilla ESP"]
[Date "2015.01.25"]
[Round "1.12"]
[White "Granero Roca, Antonio"]
[Black "Quintero Gemio, Antonio J"]
[Result "1-0"]
[WhiteElo "2404"]
[BlackElo "1745"]
[PlyCount "21"]
[EventDate "2015.01.25"]
[EventType "swiss"]
[EventRounds "9"]
[EventCountry "ESP"]
[Source "lmi"]
[SourceDate "2015.01.25"]

1. d4 Nf6 2. c4 g6 3. Nc3 Bg7 4. e4 d6 5. f3 O-O 6. Be3 e5 7. d5 c5 8. Qd2 Na6
9. Nge2 Nc7 10. g4 a6 11. Ng3 1-0

[Event "40. Open Ciudad de Sevilla 2015"]
[Site "Sevilla ESP"]
[Date "2015.01.25"]
[Round "1.13"]
[White "Gonzalez Lopez, Jose Antonio"]
[Black "Barrero Garcia, Carlos"]
[Result "0-1"]
[WhiteElo "1744"]
[BlackElo "2360"]
[PlyCount "91"]
[EventDate "2015.01.25"]
[EventType "swiss"]
[EventRounds "9"]
[EventCountry "ESP"]
[Source "lmi"]
[SourceDate "2015.01.25"]

1. d4 Nf6 2. c4 g6 3. Nc3 Bg7 4. e4 d6 5. Nf3 O-O 6. Be2 Na6 7. O-O e5 8. dxe5
dxe5 9. Qxd8 Rxd8 10. Bg5 Re8 11. Rfd1 Nc5 12. Nd2 c6 13. f3 Ne6 14. Be3 Nd4
15. Rac1 Be6 16. Bf1 Nd7 17. Nb3 Nxb3 18. axb3 Bf8 19. Ra1 b6 20. Bd3 a6 21.
Bc2 b5 22. cxb5 axb5 23. Kf1 Nc5 24. Bxc5 Bxc5 25. Ke2 h5 26. h3 b4 27. Na4 Bd4
28. g4 Kg7 29. Kf1 Kf6 30. Kg2 Rh8 31. Rh1 Rad8 32. Rad1 Kg5 33. Kg3 Be3 34.
h4+ Kf6 35. g5+ Ke7 36. Rhe1 Rxd1 37. Rxd1 Rd8 38. Rxd8 Kxd8 39. Kg2 Ke7 40.
Kf1 f6 41. gxf6+ Kxf6 42. Kg2 g5 43. hxg5+ Kxg5 44. Bd1 Kf4 45. Be2 h4 46. Bd1
0-1

[Event "40. Open Ciudad de Sevilla 2015"]
[Site "Sevilla ESP"]
[Date "2015.01.25"]
[Round "1.14"]
[White "Blechzin, Igor"]
[Black "Torres Gonzalez, Javier"]
[Result "1-0"]
[WhiteElo "2357"]
[BlackElo "1742"]
[PlyCount "45"]
[EventDate "2015.01.25"]
[EventType "swiss"]
[EventRounds "9"]
[EventCountry "ESP"]
[Source "lmi"]
[SourceDate "2015.01.25"]

1. c4 Nf6 2. Nc3 e6 3. e4 Nc6 4. d4 Bb4 5. e5 Ne4 6. Qc2 d5 7. exd6 Nxd6 8. Nf3
Nf5 9. d5 exd5 10. Bd3 d4 11. O-O dxc3 12. Bxf5 Bxf5 13. Qxf5 cxb2 14. Bxb2 O-O
15. Rad1 Qe7 16. Rd7 Qc5 17. Rd5 Qxc4 18. Ng5 Qh4 19. Rd3 Ne7 20. Qe5 Qh6 21.
Ne4 f5 22. Rh3 Qg6 23. Rg3 1-0

[Event "40. Open Ciudad de Sevilla 2015"]
[Site "Sevilla ESP"]
[Date "2015.01.25"]
[Round "1.15"]
[White "Herrera Tudela, Juan Manuel"]
[Black "Naranjo Moreno, Antonio"]
[Result "0-1"]
[WhiteElo "1733"]
[BlackElo "2285"]
[PlyCount "57"]
[EventDate "2015.01.25"]
[EventType "swiss"]
[EventRounds "9"]
[EventCountry "ESP"]
[Source "lmi"]
[SourceDate "2015.01.25"]

1. e4 e5 2. Nf3 Nc6 3. Bb5 a6 4. Ba4 Nf6 5. O-O Nxe4 6. Re1 Nc5 7. Bxc6 dxc6 8.
Nxe5 Be7 9. Qe2 Ne6 10. c3 O-O 11. d4 c5 12. dxc5 Bxc5 13. Nd2 f6 14. Nef3 b5
15. Ne4 Be7 16. Be3 c5 17. Rad1 Qc7 18. Ng3 Re8 19. Qd3 Bf8 20. Qe4 Bd7 21. Qg4
Nd4 22. Qf4 Qxf4 23. Bxf4 Nxf3+ 24. gxf3 Bc6 25. Kg2 g5 26. Rxe8 Rxe8 27. Be3
g4 28. Ne4 gxf3+ 29. Kxf3 0-1

[Event "40. Open Ciudad de Sevilla 2015"]
[Site "Sevilla ESP"]
[Date "2015.01.25"]
[Round "1.16"]
[White "Diaz Castro, Sergio"]
[Black "Garcia Guerrero, Sebastian"]
[Result "1-0"]
[WhiteElo "2255"]
[BlackElo "1733"]
[PlyCount "63"]
[EventDate "2015.01.25"]
[EventType "swiss"]
[EventRounds "9"]
[EventCountry "ESP"]
[Source "lmi"]
[SourceDate "2015.01.25"]

1. e4 c5 2. Nc3 a6 3. g3 Nc6 4. Bg2 Qc7 5. d3 e6 6. f4 b5 7. Nf3 Bb7 8. O-O Be7
9. Be3 Nh6 10. h3 f6 11. Qd2 O-O-O 12. Qf2 d6 13. d4 Na5 14. Nd2 g5 15. dxc5
dxc5 16. Nb3 Nxb3 17. axb3 Rhf8 18. Kh2 Ng8 19. f5 h5 20. Kh1 Bd6 21. Ne2 e5
22. b4 Ne7 23. bxc5 Bxc5 24. Bxc5 Rd2 25. Bb4 Rd7 26. Nc3 Rd4 27. Bxe7 Qxe7 28.
Nd5 Qd6 29. c3 Bxd5 30. cxd4 Bc4 31. Rfc1 Qb6 32. b3 1-0

[Event "40. Open Ciudad de Sevilla 2015"]
[Site "Sevilla ESP"]
[Date "2015.01.25"]
[Round "1.17"]
[White "Garcia Quintanilla, Jordi"]
[Black "Gavilan Diaz, Mario"]
[Result "0-1"]
[WhiteElo "1719"]
[BlackElo "2250"]
[PlyCount "66"]
[EventDate "2015.01.25"]
[EventType "swiss"]
[EventRounds "9"]
[EventCountry "ESP"]
[Source "lmi"]
[SourceDate "2015.01.25"]

1. e4 c5 2. c3 e6 3. d4 d5 4. e5 Nc6 5. Nf3 Qb6 6. Bd3 cxd4 7. cxd4 Bd7 8. Bc2
Nb4 9. O-O Nxc2 10. Qxc2 Rc8 11. Nc3 Ne7 12. Qd3 Nc6 13. a3 Na5 14. Nd2 Be7 15.
b4 Nc4 16. f4 O-O 17. Nb3 Qc7 18. Nc5 f5 19. g4 b6 20. Nxd7 Qxd7 21. Ra2 a5 22.
b5 a4 23. g5 Rc7 24. Rg2 Rfc8 25. Rf3 Na5 26. Ne2 Rxc1+ 27. Nxc1 Rxc1+ 28. Kf2
Rc4 29. Rh3 Rxd4 30. Qf3 Qxb5 31. Qc3 Rxf4+ 32. Kg3 Rc4 33. Qe1 Qb3+ 0-1

[Event "40. Open Ciudad de Sevilla 2015"]
[Site "Sevilla ESP"]
[Date "2015.01.25"]
[Round "1.18"]
[White "Lopez Gonzalez, Daniel"]
[Black "Santos Olivera, Francisco"]
[Result "1-0"]
[WhiteElo "2238"]
[BlackElo "1715"]
[PlyCount "81"]
[EventDate "2015.01.25"]
[EventType "swiss"]
[EventRounds "9"]
[EventCountry "ESP"]
[Source "lmi"]
[SourceDate "2015.01.25"]

1. Nf3 d5 2. c4 c6 3. e3 e6 4. b3 Be7 5. Bb2 Nf6 6. d4 Ne4 7. Bd3 f5 8. O-O Nd7
9. Ba3 O-O 10. Bxe7 Qxe7 11. Qc2 Ndf6 12. Ne5 Bd7 13. f3 Nd6 14. Nd2 Be8 15. c5
Nf7 16. b4 Qc7 17. Qc3 a5 18. a3 Nxe5 19. dxe5 Nd7 20. f4 axb4 21. axb4 Bh5 22.
Nb3 Rxa1 23. Rxa1 Rb8 24. Nd4 Bf7 25. h3 h5 26. Kh2 g5 27. Nf3 g4 28. Ng5 Nf8
29. hxg4 hxg4 30. Kg3 Nh7 31. Nxh7 Kxh7 32. Rh1+ Kg6 33. Qa1 Bg8 34. Rh4 Bh7
35. Qh1 Rh8 36. Rh6+ Kg7 37. Qh4 Qf7 38. Rf6 Qe8 39. Qh6+ Kg8 40. Rxe6 Qf8 41.
Qg5+ 1-0

[Event "40. Open Ciudad de Sevilla 2015"]
[Site "Sevilla ESP"]
[Date "2015.01.25"]
[Round "1.21"]
[White "Cuerda Del Valle, Carlos"]
[Black "Silva Lucena, Cristian"]
[Result "0-1"]
[WhiteElo "1701"]
[BlackElo "2200"]
[PlyCount "126"]
[EventDate "2015.01.25"]
[EventType "swiss"]
[EventRounds "9"]
[EventCountry "ESP"]
[Source "lmi"]
[SourceDate "2015.01.25"]

1. e4 c5 2. Nf3 d6 3. Bb5+ Nd7 4. O-O Ngf6 5. Re1 a6 6. Bxd7+ Nxd7 7. d4 cxd4
8. Qxd4 Qb6 9. Nc3 Qxd4 10. Nxd4 e6 11. Nb3 b6 12. Bf4 Bb7 13. Rad1 e5 14. Be3
Rc8 15. Re2 Be7 16. f3 O-O 17. Nd5 Bxd5 18. Rxd5 Rc6 19. Rd1 f5 20. exf5 Rxf5
21. Bf2 Rf7 22. c3 h6 23. Na1 Nf6 24. Nc2 a5 25. Ne3 Bd8 26. Nd5 Rb7 27. Nxf6+
Bxf6 28. Red2 Be7 29. Rd5 b5 30. Bg3 g5 31. Be1 Kf7 32. g3 Ke6 33. a3 Rc5 34.
Rxc5 dxc5 35. Kf2 Bd6 36. Ke3 a4 37. Kd3 Be7 38. Ke3 b4 39. cxb4 cxb4 40. Bxb4
Bxb4 41. axb4 Rxb4 42. Rd2 h5 43. h3 Rb3+ 44. Ke4 g4 45. hxg4 hxg4 46. f4 Rb4+
47. Ke3 Kf5 48. fxe5 Kxe5 49. Rc2 Rb3+ 50. Kf2 Kd4 51. Rd2+ Kc4 52. Re2 Rd3 53.
Re4+ Rd4 54. Re2 Kb3 55. Ke3 Rb4 56. Kd3 Ka2 57. Kc3 Rb3+ 58. Kc4 Rxb2 59. Re4
a3 60. Rxg4 Rg2 61. Rg8 Kb1 62. Kb3 a2 63. Rf8 Rxg3+ 0-1

[Event "40. Open Ciudad de Sevilla 2015"]
[Site "Sevilla ESP"]
[Date "2015.01.25"]
[Round "1.22"]
[White "Nuevo Perez, Antonio"]
[Black "Espinosa Gomez, Antonio"]
[Result "1-0"]
[WhiteElo "2187"]
[BlackElo "1690"]
[PlyCount "93"]
[EventDate "2015.01.25"]
[EventType "swiss"]
[EventRounds "9"]
[EventCountry "ESP"]
[Source "lmi"]
[SourceDate "2015.01.25"]

1. e4 c5 2. c3 d6 3. d4 cxd4 4. cxd4 a6 5. f4 e6 6. Nf3 Nf6 7. Bd3 Nc6 8. Nc3
b5 9. O-O Bb7 10. Re1 Be7 11. a3 O-O 12. b4 Re8 13. Kh1 Bf8 14. Bb2 h6 15. Bc2
Ne7 16. Qd2 Rc8 17. Rac1 Qb6 18. Bb1 Rc7 19. a4 Rec8 20. axb5 axb5 21. Bd3 Bc6
22. Qe2 Ng4 23. h3 Nf6 24. Kh2 Rb7 25. g4 Bd7 26. Rg1 Ng6 27. Qd2 Qd8 28. f5
exf5 29. gxf5 Qe8 30. fxg6 Qe6 31. gxf7+ Kxf7 32. Qg2 Ke8 33. Rce1 Kd8 34. d5
Qf7 35. Nd4 Qh5 36. Ne6+ Bxe6 37. dxe6 Qe5+ 38. Qg3 Qxe6 39. Nxb5 Rf7 40. Nd4
Qa2 41. Re2 Re7 42. Nc6+ Rxc6 43. Bxf6 Qe6 44. Bxe7+ Qxe7 45. Ra1 Rc8 46. Rea2
Qb7 47. Ba6 1-0

[Event "40. Open Ciudad de Sevilla 2015"]
[Site "Sevilla ESP"]
[Date "2015.01.25"]
[Round "1.23"]
[White "Muñoz Perez, Antonio"]
[Black "Rodriguez Perez, Angel Mariano"]
[Result "0-1"]
[WhiteElo "1688"]
[BlackElo "2171"]
[PlyCount "66"]
[EventDate "2015.01.25"]
[EventType "swiss"]
[EventRounds "9"]
[EventCountry "ESP"]
[Source "lmi"]
[SourceDate "2015.01.25"]

1. d4 g6 2. c4 Bg7 3. Nc3 Nf6 4. e4 d6 5. h3 O-O 6. Nf3 c5 7. d5 e6 8. Be2 exd5
9. exd5 Re8 10. O-O a6 11. Bg5 h6 12. Bh4 Qb6 13. Rb1 Bf5 14. Bd3 Bxd3 15. Qxd3
Nbd7 16. a3 Rac8 17. Bg3 Kh7 18. b4 cxb4 19. Rxb4 Qc7 20. Rfb1 Nc5 21. Qd1 Nh5
22. Na4 Nxg3 23. fxg3 Re7 24. Nxc5 Qxc5+ 25. Kh2 Rce8 26. Rxb7 Qxc4 27. R7b6
Re2 28. Qf1 Qa2 29. Nh4 Rf2 30. Qd3 Ree2 31. Rxd6 Rxg2+ 32. Kh1 Rh2+ 33. Kg1
Reg2+ 0-1

[Event "40. Open Ciudad de Sevilla 2015"]
[Site "Sevilla ESP"]
[Date "2015.01.25"]
[Round "2.1"]
[White "Stopa, Jacek"]
[Black "Garcia Cava, Juan"]
[Result "1-0"]
[WhiteElo "2531"]
[BlackElo "2008"]
[PlyCount "101"]
[EventDate "2015.01.25"]
[EventType "swiss"]
[EventRounds "9"]
[EventCountry "ESP"]
[Source "lmi"]
[SourceDate "2015.01.25"]

1. d4 Nf6 2. c4 d6 3. Nc3 g6 4. e4 Bg7 5. f3 O-O 6. Nge2 c5 7. Be3 b6 8. Qd2
Nc6 9. d5 Ne5 10. Ng3 Ba6 11. b3 h5 12. Be2 h4 13. Nf1 Bc8 14. h3 b5 15. Nxb5
Nxe4 16. fxe4 Nxc4 17. Bxc4 Bxa1 18. Nh2 Bf6 19. Nf3 a6 20. Nc3 Qa5 21. Na4
Qxd2+ 22. Kxd2 Rb8 23. Bf2 Bd7 24. e5 Bg7 25. Nc3 Bb5 26. Bxb5 axb5 27. Bxh4
Rb7 28. Bg3 Ra8 29. Re1 Rd7 30. Kc1 b4 31. Na4 Rb7 32. Re4 f5 33. Rc4 Rd8 34.
Kb1 Rbd7 35. exd6 exd6 36. Ng5 Be5 37. Bxe5 dxe5 38. Ne6 Re8 39. Rxc5 e4 40.
Nb6 Rd6 41. Nc4 Rdxe6 42. dxe6 Rxe6 43. Re5 Rc6 44. g4 Kf7 45. gxf5 Kf6 46.
Re6+ Rxe6 47. fxe6 Kxe6 48. Kc2 Kf5 49. Kd2 Kf4 50. Ke2 Kg3 51. Ne5 1-0

[Event "40. Open Ciudad de Sevilla 2015"]
[Site "Sevilla ESP"]
[Date "2015.01.25"]
[Round "2.2"]
[White "Rios Gallardo, Guillermo"]
[Black "Matamoros Franco, Carlos S"]
[Result "0-1"]
[WhiteElo "2007"]
[BlackElo "2523"]
[PlyCount "48"]
[EventDate "2015.01.25"]
[EventType "swiss"]
[EventRounds "9"]
[EventCountry "ESP"]
[Source "lmi"]
[SourceDate "2015.01.25"]

1. e4 e6 2. d4 d5 3. Nc3 Nf6 4. e5 Nfd7 5. f4 c5 6. Nf3 Nc6 7. Be3 Be7 8. Be2
O-O 9. O-O f6 10. exf6 Nxf6 11. Ne5 Nxd4 12. Bxd4 cxd4 13. Qxd4 Nd7 14. Kh1 Bc5
15. Qd2 Nxe5 16. fxe5 Bd7 17. Bd3 Qh4 18. Qe2 a6 19. Rae1 Bf2 20. Rd1 Rf4 21.
h3 Bc6 22. Rxf2 Rxf2 23. Qe1 Raf8 24. Kg1 Qg3 0-1

[Event "40. Open Ciudad de Sevilla 2015"]
[Site "Sevilla ESP"]
[Date "2015.01.25"]
[Round "2.3"]
[White "Oral, Tomas"]
[Black "Diaz Castro, Ismael"]
[Result "1-0"]
[WhiteElo "2498"]
[BlackElo "2006"]
[PlyCount "61"]
[EventDate "2015.01.25"]
[EventType "swiss"]
[EventRounds "9"]
[EventCountry "ESP"]
[Source "lmi"]
[SourceDate "2015.01.25"]

1. e4 c5 2. Nf3 d6 3. Bb5+ Bd7 4. Bxd7+ Qxd7 5. c4 Nc6 6. Nc3 g6 7. d4 cxd4 8.
Nxd4 Bg7 9. Be3 Nf6 10. f3 O-O 11. O-O Rac8 12. b3 Rfd8 13. Qd2 Ne8 14. Rfd1
Nc7 15. a4 Ne6 16. Nde2 b6 17. Rab1 Qb7 18. Kh1 Qa6 19. Nd5 Rd7 20. Qe1 Rcd8
21. Qh4 Qb7 22. Bh6 Bh8 23. f4 Nc7 24. Rd3 Ne8 25. Rh3 Nf6 26. Nxf6+ exf6 27.
Bg5 fxg5 28. Qxh7+ Kf8 29. Qxh8+ Ke7 30. Qh6 gxf4 31. Qg5+ 1-0

[Event "40. Open Ciudad de Sevilla 2015"]
[Site "Sevilla ESP"]
[Date "2015.01.25"]
[Round "2.4"]
[White "De Dios Ortega, Juan Manuel"]
[Black "Fernandez Romero, Ernesto"]
[Result "0-1"]
[WhiteElo "2004"]
[BlackElo "2483"]
[PlyCount "75"]
[EventDate "2015.01.25"]
[EventType "swiss"]
[EventRounds "9"]
[EventCountry "ESP"]
[Source "lmi"]
[SourceDate "2015.01.25"]

1. e4 c5 2. Nf3 Nc6 3. Bb5 g6 4. O-O Bg7 5. Re1 e5 6. c3 Nge7 7. d3 O-O 8. Nbd2
d6 9. Nf1 h6 10. Ng3 Kh7 11. Ba4 a6 12. Bc2 d5 13. h3 Be6 14. a3 Qd7 15. b4
cxb4 16. axb4 f5 17. Bb2 Rad8 18. Qe2 fxe4 19. dxe4 d4 20. Red1 Qe8 21. cxd4
Nxd4 22. Nxd4 exd4 23. Bd3 Qf7 24. Rdc1 Nc6 25. b5 axb5 26. Bxb5 d3 27. Qd2 Nd4
28. Bxd4 Bxd4 29. Ra3 Qxf2+ 30. Qxf2 Rxf2 31. Kh1 d2 32. Rd1 Bc5 33. Rc3 Bb4
34. Rc7+ Rf7 35. Rxf7+ Bxf7 36. Ba4 Ra8 37. Bc2 Ra2 38. Bb1 0-1

[Event "40. Open Ciudad de Sevilla 2015"]
[Site "Sevilla ESP"]
[Date "2015.01.25"]
[Round "2.5"]
[White "Lalic, Bogdan"]
[Black "Vallbona Domingo, Joan"]
[Result "1-0"]
[WhiteElo "2482"]
[BlackElo "1998"]
[PlyCount "53"]
[EventDate "2015.01.25"]
[EventType "swiss"]
[EventRounds "9"]
[EventCountry "ESP"]
[Source "lmi"]
[SourceDate "2015.01.25"]

1. d4 Nf6 2. Nf3 b6 3. c4 e6 4. Nc3 Bb7 5. Bg5 Bb4 6. e3 h6 7. Bh4 c5 8. Bd3
cxd4 9. exd4 Be7 10. O-O d6 11. d5 e5 12. Nd2 g5 13. Bg3 Na6 14. Re1 Nc5 15.
Bc2 h5 16. f3 Bc8 17. b4 Nb7 18. Bf2 Kf8 19. Nf1 Bd7 20. Ne3 Qc8 21. Rc1 g4 22.
Rf1 gxf3 23. Qxf3 Bg4 24. Nxg4 Qxg4 25. Be3 Kg7 26. Qf2 Rag8 27. h3 1-0

[Event "40. Open Ciudad de Sevilla 2015"]
[Site "Sevilla ESP"]
[Date "2015.01.25"]
[Round "2.6"]
[White "Sanchez Del Prado, Manuel"]
[Black "Perez Mitjans, Orelvis"]
[Result "0-1"]
[WhiteElo "1989"]
[BlackElo "2463"]
[PlyCount "70"]
[EventDate "2015.01.25"]
[EventType "swiss"]
[EventRounds "9"]
[EventCountry "ESP"]
[Source "lmi"]
[SourceDate "2015.01.25"]

1. c4 e5 2. g3 Nc6 3. Bg2 Bc5 4. Nc3 Nf6 5. a3 d6 6. e3 O-O 7. Nge2 a6 8. h3
Ba7 9. b3 Be6 10. Nd5 Ne8 11. Bb2 Qd7 12. Qc2 f5 13. d4 Bf7 14. O-O-O exd4 15.
Nxd4 Nxd4 16. Bxd4 c6 17. Nf4 a5 18. Bb2 Qe7 19. g4 Bc5 20. a4 Bxe3+ 21. fxe3
Qxe3+ 22. Qd2 Qxb3 23. gxf5 Qxc4+ 24. Kb1 Qa2+ 25. Kc1 Qxa4 26. Rde1 Qc4+ 27.
Kb1 a4 28. Ne6 a3 29. Qc3 Qb5 30. Nxf8 axb2 31. Ne6 Ra1+ 32. Kc2 b1=Q+ 33. Rxb1
Qxf5+ 34. Kb2 Rxb1+ 35. Rxb1 Qxe6 0-1

[Event "40. Open Ciudad de Sevilla 2015"]
[Site "Sevilla ESP"]
[Date "2015.01.25"]
[Round "2.7"]
[White "Galego, Luis"]
[Black "Reina Aguilar, Marcelo"]
[Result "1-0"]
[WhiteElo "2461"]
[BlackElo "1991"]
[PlyCount "33"]
[EventDate "2015.01.25"]
[EventType "swiss"]
[EventRounds "9"]
[EventCountry "ESP"]
[Source "lmi"]
[SourceDate "2015.01.25"]

1. e4 c5 2. Nf3 e6 3. c3 d5 4. exd5 exd5 5. d4 Nf6 6. Bb5+ Bd7 7. Bxd7+ Nbxd7
8. O-O Be7 9. Bg5 O-O 10. Nbd2 Re8 11. Re1 Nf8 12. Bxf6 gxf6 13. Nf1 Ne6 14.
Ne3 c4 15. Nh4 Ng7 16. Qf3 f5 17. Nhxf5 1-0